Tuyển chọn 3000 bài toán về mạch điện /

Bộ sách gồm 24 chương, được chia làm hai tập, trình bày những vấn đề cơ bản như các khái niệm cơ bản về hệ đơn vị đo lường, các định luật nền tảng về mạch điện như định luật Ohm, Kirchhoff, mạch điện xoay chiều ba pha cho đến những vấ...

Descripción completa

Guardado en:
Detalles Bibliográficos
Autor principal: Tạ Quang Hùng
Formato: Libro
Lenguaje:Vietnamese
Publicado: Đà Nẵng : Đà Nẵng , 2002
Edición:In lần thứ 1
Materias:
Etiquetas: Agregar Etiqueta
Sin Etiquetas, Sea el primero en etiquetar este registro!
Thư viện lưu trữ: Thư viện Trường CĐ Kỹ Thuật Cao Thắng
LEADER 01303nam a2200253 a 4500
001 TVCDKTCT5018
003 Thư viện trường Cao đẳng Kỹ thuật Cao Thắng
005 20221003101215.000
008 060425
980 \ \ |a Thư viện Trường CĐ Kỹ Thuật Cao Thắng 
024 |a RG_1 #1 eb0 i1 
041 0 # |a vie 
082 # # |a 621.381 /   |b T100H-t 
100 1 # |a Tạ Quang Hùng 
245 0 0 |a Tuyển chọn 3000 bài toán về mạch điện /   |c Tạ Quang Hùng 
250 # # |a In lần thứ 1 
260 # # |a Đà Nẵng :   |b Đà Nẵng ,   |c 2002 
300 # # |a 820tr. ;   |c 24cm 
520 # # |a Bộ sách gồm 24 chương, được chia làm hai tập, trình bày những vấn đề cơ bản như các khái niệm cơ bản về hệ đơn vị đo lường, các định luật nền tảng về mạch điện như định luật Ohm, Kirchhoff, mạch điện xoay chiều ba pha cho đến những vấn đề chuyên sâu như phép biến đổi Laplace, mạng hai cổng. 
650 # 4 |a Mạch điện 
653 # # |a Electric Circuits 
653 # # |a Industrial Electric Engineering 
721 # # |a CNKT Điện 
841 # # |b Kho Sách   |j 100016139, 100016140, 100016141, 100016142